Normal view
MARC view
Entry Personal Name
001 - CONTROL NUMBER
- control field: 7945
003 - CONTROL NUMBER IDENTIFIER
- control field: OSt
005 - DATE AND TIME OF LATEST TRANSACTION
- control field: 20150830141359.0
008 - FIXED-LENGTH DATA ELEMENTS
- fixed length control field: 150830|| aca||aabn | a|a d
040 ## - CATALOGING SOURCE
- Original cataloging agency: OSt
- Transcribing agency: OSt
100 ## - HEADING--PERSONAL NAME
- Personal name: Citaristi, Ileana
670 ## - SOURCE DATA FOUND
- Source citation: Work cat.: (OSt)14325: Citaristi, Ileana, The Making Of A Guru, 2001









